000 01066nam a2200265Ia 4500
003 OSt
005 20220923211407.0
006 a|||||r|||| 00| 0
007 ta
008 220922b |||||||| |||| 00| 0 hin d
020 _a9788189986643 (pbk)
_c175
024 _a285,422
037 _b827, 03/03/2015, Anshika Book International
_cTextual
040 _aARTS
_cARTS
_bhin
041 _2hin
_ahin
082 _aDelta2:864, 152Q5
100 _aशास्त्री, गिरिजा शंकर
_9157943
245 0 _aभारतीय कुण्डली - विमर्श
246 _aBhāratīya kuṇḍalī - vimarsha
260 _aवाराणसी
_b चौखम्भा संस्कृत भवन
_c2014
300 _a262पृ.
_ccm.
650 _aआध्यात्मिक अनुभव और रहस्यवाद
942 _hDelta2:864, 152Q5
_cTEXL
_2CC
999 _c299068
_d299068